[Event "GER-chT U12"]
[Site "Magdeburg"]
[Date "2015.12.29"]
[Round "5.3"]
[White "Liebeskind, Pascal"]
[Black "Melzig, Antonio"]
[Result "0-1"]
[WhiteElo "1294"]
[BlackElo "1215"]
[PlyCount "32"]
[EventDate "2015.12.27"]
[EventType "team-swiss"]
[EventRounds "7"]
[EventCountry "GER"]
[SourceTitle "EXT 2017"]
[Source "ChessBase"]
[SourceDate "2016.10.25"]
[SourceVersion "1"]
[SourceVersionDate "2016.10.25"]
[SourceQuality "1"]
[WhiteTeam "Apolda"]
[BlackTeam "Biberach"]
[WhiteTeamCountry "GER"]
[BlackTeamCountry "GER"]

1. d4 d5 2. Nf3 Nf6 3. Bf4 Bf5 4. e3 e6 5. Be2 Bd6 6. Bg3 Nc6 7. Nbd2 0-0 8. Ne5 Bxe5 9. dxe5 Nd7 10. Nf3 Be4 11. Bd3 Bxf3 12. Qxf3 g6 13. Bb5 Ndxe5 14. Qf4 f6 15. 0-0-0 a6 16. Ba4 g5 0-1

[Event "GER-chT U12"]
[Site "Magdeburg"]
[Date "2015.12.29"]
[Round "6.3"]
[White "Thamm, Marti Jann"]
[Black "Liebeskind, Pascal"]
[Result "0-1"]
[WhiteElo "1055"]
[BlackElo "1294"]
[PlyCount "70"]
[EventDate "2015.12.27"]
[EventType "team-swiss"]
[EventRounds "7"]
[EventCountry "GER"]
[SourceTitle "EXT 2017"]
[Source "ChessBase"]
[SourceDate "2016.10.25"]
[SourceVersion "1"]
[SourceVersionDate "2016.10.25"]
[SourceQuality "1"]
[WhiteTeam "Dresden TU"]
[BlackTeam "Apolda"]
[WhiteTeamCountry "GER"]
[BlackTeamCountry "GER"]

1. e4 c5 2. Nf3 Nc6 3. d4 cxd4 4. Nxd4 g6 5. Nxc6 bxc6 6. Nc3 Bg7 7. Bg5 Qa5 8. Qd2 Rb8 9. Bc4 Rxb2 10. Nd1 Qxd2+ 11. Bxd2 Rxc2 12. Rc1 Rxc1 13. Bxc1 Nf6 14. 0-0 0-0 15. e5 Ng4 16. f4 d6 17. exd6 exd6 18. Ba3 Bd4+ 19. Kh1 c5 20. h3 Nf6 21. Bb2 Bxb2 22. Nxb2 d5 23. Bb5 Ne4 24. Bc6 Ng3+ 25. Kg1 Nxf1 26. Kxf1 d4 27. Bd5 Rd8 28. Bc4 Be6 29. Ba6 Bxa2 30. Ke2 Re8+ 31. Kd3 Re3+ 32. Kd2 Rg3 33. Kd1 Bb3+ 34. Ke1 Rxg2 35. Kf1 Rxb2 0-1

[Event "GER-chT U12"]
[Site "Magdeburg"]
[Date "2015.12.27"]
[Round "1.3"]
[White "Liebeskind, Pascal"]
[Black "Haufe, Laurin"]
[Result "0-1"]
[WhiteElo "1294"]
[BlackElo "1497"]
[PlyCount "86"]
[EventDate "2015.12.27"]
[EventType "team-swiss"]
[EventRounds "7"]
[EventCountry "GER"]
[SourceTitle "EXT 2017"]
[Source "ChessBase"]
[SourceDate "2016.10.25"]
[SourceVersion "1"]
[SourceVersionDate "2016.10.25"]
[SourceQuality "1"]
[WhiteTeam "Apolda"]
[BlackTeam "Leipzig Gruen Weiss"]
[WhiteTeamCountry "GER"]
[BlackTeamCountry "GER"]

1. d4 Nf6 2. Nf3 e6 3. Bf4 d5 4. e3 Bd6 5. Bg3 Nc6 6. Nbd2 h6 7. c3 Nh5 8. Bd3 Nxg3 9. hxg3 e5 10. dxe5 Nxe5 11. Nxe5 Bxe5 12. Nf3 Bf6 13. Qc2 Bd7 14. 0-0-0 c6 15. Rhe1 Qc7 16. e4 0-0-0 17. exd5 cxd5 18. Bf5 Bxf5 19. Qxf5+ Qd7 20. Qxd7+ Rxd7 21. Nd4 Bxd4 22. Rxd4 Rhd8 23. Red1 b6 24. Kd2 Re7 25. Re1 Rxe1 26. Kxe1 Kc7 27. Ke2 Kc6 28. Kf3 Kd6 29. Kf4 Ke6 30. c4 Rd6 31. cxd5+ Rxd5 32. Rxd5 Kxd5 33. Ke3 f5 34. b3 Kc5 35. a3 g5 36. Kd3 b5 37. g4 fxg4 38. Ke4 a6 39. Kf5 b4 40. a4 Kd4 41. Kxg4 Kc3 42. Kh5 Kxb3 43. Kxh6 Kxa4 0-1